000 00454nam a2200157Ia 4500
999 _c36403
_d36403
003 OSt
005 20201214112240.0
008 190216s9999||||xx |||||||||||||| ||und||
040 _coclc
082 _a540
_bARO/P
100 _aArora, M G
_94244
245 0 _aPeriodic Table And Periodic Properties /
_cM G Arora
260 _bAnmol Publications,
_c1997.
_aNew Delhi:
300 _a154p
942 _cREF
_2ddc
_h540
_iARO/P
_k540
_mARO/P